00493nam a2200157Ia 45000010006000000050017000060080041000230410008000640820018000721000031000902450161001212600009002823000028002916500008003196540008003271121320260306161929.0260306t2017||||xx |||||||||||||| ||spa|| aESP a985.019bH97G aHusson, Jean-PhilippeeAUT 0aGénesis de los dramas del fin del inca Atahualpa y los mitos de Incarrí:bproducciones del reino neo-inca de Vilcabamba y de sus aliados del Taqui Oncoy c2017 a380 páginas :c24 cm. aGEN aCHU